Cities in scandinavia sudden death - Statistics

General Stats
  • This quiz has been taken 74 times
  • The average score is 7 of 16
Answers on the Grid
Answers color-coded by a green-red scale on the quiz's grid according to % correct below.
Bergen
Helsinki
Malmö
Aalborg
Tartu
Dortmund
Oslo
Kaunas
Batumi
Esbjerg
Stockholm
Trondheim
Lillehammer
Riga
Groningen
Tallinn
Uppsala
Akureyri
Stavanger
Gothenburg
Turku
Hamar
Bremen
Oulu
Kiruna
Bodø
Prague
Aarhus
Helsingborg
Kiel
 
Answer Stats
Answer % Correct
Bergen
86%
Oslo
61%
Stockholm
57%
Malmö
52%
Trondheim
50%
Lillehammer
45%
Uppsala
45%
Aalborg
43%
Stavanger
43%
Gothenburg
41%
Bodø
39%
Esbjerg
39%
Helsingborg
39%
Aarhus
36%
Kiruna
34%
Hamar
30%
No matching quizzes found
Score Distribution
Percent of People with Each Score
Percentile by Number Answered
Your Score History
You have not taken this quiz